000 00416nam a2200181Ia 4500
001 16359
005 20260306170303.0
008 260306t2001||||xx |||||||||||||| ||und||
041 _aESP
082 _a348.54
_bD 2001 V. 2
100 _aFoy Valencia, Pierre
_eAUT
245 0 _aDerecho y ambiente
260 _c2001
300 _apágs. :
_ccm.
650 _aGEN
654 _aCDE
942 _cLIB
_dJUS
_fJUS
_2ddc
_n
999 _c16359
_d16359